000 00330nam a22001457a 4500
003 SGT
020 _a818974799-1
082 _a615
_bPAU
100 _aPAUL, SWARNALI DAS
245 _aADVANCED PHARMACEUTICAL FORMULATION
260 _aINDIA
_bBIRLA PUB.
_c2026
300 _a424
650 _aPHARMACEUTICAL
942 _2ddc
_cBK
999 _c33032
_d33032